The short Oxford history of English literature
This book provides a comprehensive and introdutory guide to the history of English literature from Anglo-Saxon period to the present. The content of the book covers all major periods of English literature chronologically from Old English literature to Past-war literature including medieval literatur...
Gorde:
| Egile nagusia: | |
|---|---|
| Formatua: | Liburua |
| Hizkuntza: | Undetermined |
| Argitaratua: |
New York
Oxford Univ. Press
1996
|
| Gaiak: | |
| Etiketak: |
Etiketa erantsi
Etiketarik gabe, Izan zaitez lehena erregistro honi etiketa jartzen!
|
| Thư viện lưu trữ: | Trung tâm Học liệu Trường Đại học Cần Thơ |
|---|
| LEADER | 01140nam a2200217Ia 4500 | ||
|---|---|---|---|
| 001 | CTU_42204 | ||
| 008 | 210402s9999 xx 000 0 und d | ||
| 020 | |b 465.000đ | ||
| 082 | |a 820.9 | ||
| 082 | |b S215 | ||
| 100 | |a Sanders, Andrew | ||
| 245 | 4 | |a The short Oxford history of English literature | |
| 245 | 0 | |c Andrew Sanders | |
| 260 | |a New York | ||
| 260 | |b Oxford Univ. Press | ||
| 260 | |c 1996 | ||
| 520 | |a This book provides a comprehensive and introdutory guide to the history of English literature from Anglo-Saxon period to the present. The content of the book covers all major periods of English literature chronologically from Old English literature to Past-war literature including medieval literature, the Renaissance, Shakespeare, the literature of the seventeenth and eighteenth centuries, Romanticism, the Victorian period, and Modernism. The book discusses, in detail, the important writers and their works, including Scottish, Irish, and Welsh writing in English. | ||
| 650 | |a English literature | ||
| 650 | |x History and criticism | ||
| 904 | |i Minh | ||
| 980 | |a Trung tâm Học liệu Trường Đại học Cần Thơ | ||